<?xml version="1.0" encoding="UTF-8"?>
<marc:record xmlns:marc="http://www.loc.gov/MARC21/slim">
   <marc:leader>00000nam a2200000 a 4500</marc:leader>
   <marc:datafield ind1=" " ind2=" " tag="653">
      <marc:subfield code="a">Zeichentrickfilm</marc:subfield>
   </marc:datafield>
   <marc:datafield ind1="0" ind2="0" tag="245">
      <marc:subfield code="a">Barbapapa Barbakus und die Tiere 1</marc:subfield>
   </marc:datafield>
   <marc:datafield ind1="0" ind2="0" tag="245">
      <marc:subfield code="b">5 Minuten Episoden, Kult Zeichentrickserie der 70er Jahre</marc:subfield>
   </marc:datafield>
   <marc:datafield ind1=" " ind2="1" tag="264">
      <marc:subfield code="a">Stuttgart</marc:subfield>
      <marc:subfield code="b">Universum</marc:subfield>
      <marc:subfield code="c">2013</marc:subfield>
   </marc:datafield>
   <marc:datafield ind1="1" ind2=" " tag="490">
      <marc:subfield code="a">Barbapapa</marc:subfield>
   </marc:datafield>
   <marc:datafield ind1="1" ind2=" " tag="520">
      <marc:subfield code="a">Als Annette Tison und Talus Taylor die Familie BarbapapaEnde der siebziger Jahre ersannen, hatten sie einen gesellschaftlichenIdealzustand im Sinn. Friedlich sollte eszugehen, grün und gesund und harmonisch. So entstandender nicht nur im körperlichen Sinne etwas verweichlichteBarbapapa (rosa) und die Barbamama (schwarz). Und ihreKinder: die schöne und schminksüchtige Barbabella (lila),die kluge Barbaletta (orange), die musikalische Barbalala(grün), der wissenschaftlich talentierte Barbarix (blau), dersportliche Barbawum (rot), der Künstler Barbabo (schwarz)und Barbakus (gelb), Freund der Tiere. Sie leben in einerVilla, die aussieht, als hätte der Architekt einen HaufenSeifenblasen in Stein verwandelt.</marc:subfield>
   </marc:datafield>
   <marc:datafield ind1=" " ind2=" " tag="041">
      <marc:subfield code="a">ger</marc:subfield>
   </marc:datafield>
   <marc:datafield ind1="1" ind2=" " tag="521">
      <marc:subfield code="a">0</marc:subfield>
   </marc:datafield>
   <marc:datafield ind1=" " ind2=" " tag="338">
      <marc:subfield code="a">Videodisk</marc:subfield>
   </marc:datafield>
   <marc:datafield ind1=" " ind2=" " tag="306">
      <marc:subfield code="a">01:17:00</marc:subfield>
   </marc:datafield>
   <marc:datafield ind1=" " ind2=" " tag="300">
      <marc:subfield code="a">1 DVD</marc:subfield>
   </marc:datafield>
</marc:record>
